<?xml version="1.0" encoding="UTF-8"?>
<record
    xmlns:xsi="http://www.w3.org/2001/XMLSchema-instance"
    xsi:schemaLocation="http://www.loc.gov/MARC21/slim http://www.loc.gov/standards/marcxml/schema/MARC21slim.xsd"
    xmlns="http://www.loc.gov/MARC21/slim">

  <leader>01090njm a22002657a 4500</leader>
  <controlfield tag="005">20100906134516.0</controlfield>
  <controlfield tag="006">a|||||r|||||00| 0 </controlfield>
  <controlfield tag="007">sd ammalaaahaa</controlfield>
  <controlfield tag="008">100901t        xxu||||| |||| 00| 0 eng d</controlfield>
  <datafield tag="028" ind1=" " ind2=" ">
    <subfield code="a">N 88297</subfield>
    <subfield code="b">His Master's Voice</subfield>
  </datafield>
  <datafield tag="035" ind1=" " ind2=" ">
    <subfield code="a">GR-861</subfield>
  </datafield>
  <datafield tag="040" ind1=" " ind2=" ">
    <subfield code="a">SED</subfield>
    <subfield code="c">SED</subfield>
  </datafield>
  <datafield tag="100" ind1=" " ind2=" ">
    <subfield code="a">Kumar Gandharva </subfield>
    <subfield code="9">17825</subfield>
  </datafield>
  <datafield tag="245" ind1=" " ind2=" ">
    <subfield code="a">Aayi ritu aayi:</subfield>
    <subfield code="c">by Kumar Gandharva</subfield>
    <subfield code="h">[sound recording] </subfield>
    <subfield code="b">raag dhaani /</subfield>
  </datafield>
  <datafield tag="246" ind1=" " ind2=" ">
    <subfield code="a">&#x906;&#x908; &#x90B;&#x924;&#x942; &#x906;&#x908;  / &#x915;&#x941;&#x92E;&#x93E;&#x930; &#x917;&#x928;&#x94D;&#x927;&#x930;&#x94D;&#x935; </subfield>
    <subfield code="b">&#x930;&#x93E;&#x917; &#x927;&#x93E;&#x928;&#x940;</subfield>
  </datafield>
  <datafield tag="260" ind1=" " ind2=" ">
    <subfield code="a">Dum Dum, India </subfield>
    <subfield code="b">His Master's Voice</subfield>
  </datafield>
  <datafield tag="300" ind1=" " ind2=" ">
    <subfield code="a">1 sound disc [Gramophone Recording] :</subfield>
    <subfield code="b">analog, 33 1/3 rpm </subfield>
    <subfield code="c">9.5 in. (MP)</subfield>
    <subfield code="f">Gramophone Records</subfield>
  </datafield>
  <datafield tag="500" ind1=" " ind2=" ">
    <subfield code="a">Brief record</subfield>
  </datafield>
  <datafield tag="505" ind1=" " ind2=" ">
    <subfield code="a">Side-2 &#x928; &#x92C;&#x924;&#x93E;&#x924;&#x940; &#x924;&#x942;&#x902; &#x92A;&#x939;&#x91A;&#x93E;&#x928; - &#x930;&#x93E;&#x917; &#x917;&#x94C;&#x921;&#x93C;&#x92E;&#x932;&#x94D;&#x939;&#x93E;&#x930; (Na batati tu pehchan - Raag Gaudmalhar) (Kumar Gandharva)</subfield>
  </datafield>
  <datafield tag="650" ind1=" " ind2=" ">
    <subfield code="a">Classical music</subfield>
    <subfield code="x">Excerpts</subfield>
    <subfield code="z">India</subfield>
    <subfield code="9">17826</subfield>
  </datafield>
  <datafield tag="700" ind1=" " ind2=" ">
    <subfield code="9">17827</subfield>
  </datafield>
  <datafield tag="700" ind1=" " ind2=" ">
    <subfield code="9">17828</subfield>
  </datafield>
  <datafield tag="942" ind1=" " ind2=" ">
    <subfield code="2">ddc</subfield>
    <subfield code="c">GR</subfield>
  </datafield>
  <datafield tag="999" ind1=" " ind2=" ">
    <subfield code="c">43977</subfield>
    <subfield code="d">43977</subfield>
  </datafield>
  <datafield tag="952" ind1=" " ind2=" ">
    <subfield code="0">0</subfield>
    <subfield code="1">0</subfield>
    <subfield code="2">ddc</subfield>
    <subfield code="4">0</subfield>
    <subfield code="7">1</subfield>
    <subfield code="8">NFIC</subfield>
    <subfield code="a">L</subfield>
    <subfield code="b">L</subfield>
    <subfield code="d">2010-09-06</subfield>
    <subfield code="e">SED/VEN</subfield>
    <subfield code="l">0</subfield>
    <subfield code="p">GR-861</subfield>
    <subfield code="r">2010-09-06 00:00:00</subfield>
    <subfield code="t">1</subfield>
    <subfield code="w">2010-09-06</subfield>
    <subfield code="y">GR</subfield>
  </datafield>
</record>
